000 00531nam a2200193Ia 4500
005 20250923145917.0
008 008 250917s9999 xx 000 0 eng d
037 _aTextual
040 _aDSWL
_beng
_cDSWL
041 _aeng
_2eng
084 _aYX,A:f, N91;2
_qDSWL
245 0 _aResearch on families with problems in India
_c by T.I.S.S.
260 _aBombay
_bT.I.S.S.
_c1991
365 _aINR
_b150.00
490 _vVol. II
925 _g150.00
942 _cTEXL
_hYX,A:f, N91;2
999 _c1457242
_d1457242